| 000 | 00368nam a2200133Ia 4500 | ||
|---|---|---|---|
| 008 | 220217s9999||||xx |||||||||||||| ||und|| | ||
| 020 | _a9788177227529 | ||
| 082 | _a620.004 TIC | ||
| 100 |
_aTickoo, Sham and others _98917 |
||
| 245 | 0 | _aSolid edge V.9 | |
| 260 |
_aDreamtech publications _bNew Delhi _c2008 |
||
| 300 |
_aXVI, 6669. _b599 |
||
| 650 | _aMECHANICHAL | ||
| 999 |
_c184508 _d184508 |
||